[Event "Hessen-ch B"]
[Site "Frankfurt/Main"]
[Date "2019.06.02"]
[Round "7"]
[White "Azizov, Fariz"]
[Black "Hynar, Alexandra"]
[Result "0-1"]
[WhiteElo "1416"]
[BlackElo "1765"]
[PlyCount "106"]
[EventDate "2019.05.30"]
[EventType "swiss"]
[EventRounds "7"]
[EventCountry "GER"]

1. d4 d5 2. c4 dxc4 3. Nc3 e6 4. e4 Nf6 5. Bxc4 Bb4 6. Qd3 Nc6 7. Nf3 Na5 8.
Bg5 Nxc4 9. Qxc4 Be7 10. O-O O-O 11. Rac1 c6 12. a4 Nd7 13. Bf4 Nb6 14. Qb3 Nd7
15. d5 exd5 16. exd5 cxd5 17. Nxd5 Nc5 18. Nxe7+ Qxe7 19. Qc2 Ne6 20. Bg3 b6
21. Rfd1 Bb7 22. Bd6 Qf6 23. Bxf8 Rxf8 24. Qc3 Qg6 25. Nh4 Qg5 26. Qg3 Qf6 27.
Rd2 Nc5 28. Rdc2 Ne4 29. Qg4 Nc5 30. Rc3 Bc8 31. Qb4 a5 32. Qc4 Be6 33. Qb5
Qxh4 34. b3 Ne4 35. R3c2 Nc5 36. Qxb6 Nxb3 37. Re1 Qxa4 38. h3 Qb4 39. Qxb4
axb4 40. Rb2 Nc5 41. Re3 b3 42. Kf1 Na4 43. Rbxb3 Bxb3 44. Rxb3 Nc5 45. Rc3 Ne4
46. Re3 f5 47. f3 Ng3+ 48. Kf2 f4 49. Re1 Rd8 50. Kg1 Kf7 51. Kh2 Rd2 52. Kg1
Nf5 53. Kh2 Nh4 0-1

[Event "Hessen-ch B"]
[Site "Frankfurt/Main"]
[Date "2019.06.02"]
[Round "7"]
[White "Bahlo, Jens"]
[Black "Scholz, Michael"]
[Result "1-0"]
[WhiteElo "1915"]
[BlackElo "1855"]
[PlyCount "51"]
[EventDate "2019.05.30"]
[EventType "swiss"]
[EventRounds "7"]
[EventCountry "GER"]

1. e4 c5 2. d3 Nc6 3. f4 d6 4. Nf3 g6 5. Be2 Bg7 6. O-O e5 7. c3 Nge7 8. fxe5
dxe5 9. Bg5 h6 10. Be3 b6 11. Qd2 Be6 12. Na3 f5 13. exf5 Nxf5 14. Bf2 Qe7 15.
g4 Nd6 16. Nh4 Bf7 17. Bf3 Rc8 18. Bg3 Bf6 19. Ng2 Bg5 20. Qe2 Bf6 21. Bxc6+
Rxc6 22. Qf3 e4 23. Qxf6 Qxf6 24. Rxf6 Ke7 25. Raf1 Rf8 26. dxe4 1-0

[Event "Hessen-ch B"]
[Site "Frankfurt/Main"]
[Date "2019.06.02"]
[Round "7"]
[White "Elpelt, Frank"]
[Black "Muenstermann, Matthias"]
[Result "1/2-1/2"]
[WhiteElo "1572"]
[BlackElo "1783"]
[PlyCount "27"]
[EventDate "2019.05.30"]
[EventType "swiss"]
[EventRounds "7"]
[EventCountry "GER"]

1. e4 c5 2. c3 Nf6 3. e5 Nd5 4. Nf3 d6 5. exd6 exd6 6. Bc4 Nb6 7. Bb3 Be6 8.
O-O Bxb3 9. Qxb3 Be7 10. d4 O-O 11. dxc5 dxc5 12. Bf4 Nc6 13. Nbd2 Qd5 14. Qxd5
1/2-1/2

[Event "Hessen-ch B"]
[Site "Frankfurt/Main"]
[Date "2019.06.02"]
[Round "7"]
[White "Ghaznavi, Massoud"]
[Black "Shehab, Tarek"]
[Result "1-0"]
[WhiteElo "1601"]
[BlackElo "1585"]
[PlyCount "69"]
[EventDate "2019.05.30"]
[EventType "swiss"]
[EventRounds "7"]
[EventCountry "GER"]

1. c4 Nf6 2. d4 e6 3. Nc3 d5 4. e3 Be7 5. Bd3 dxc4 6. Bxc4 O-O 7. Bd3 Nbd7 8.
Nf3 c5 9. O-O b6 10. Qc2 Re8 11. b3 Bf8 12. Bb2 Bb7 13. Ng5 g6 14. Rad1 cxd4
15. exd4 Nd5 16. Nge4 Rc8 17. Qb1 f5 18. Ng3 Nxc3 19. Bxc3 Rxc3 20. Bc4 b5 21.
Ne2 bxc4 22. Nxc3 Nb6 23. bxc4 Qc7 24. c5 Qc6 25. f3 Bxc5 26. Nb5 Bf8 27. Nxa7
Qc7 28. Rc1 Qd6 29. Nb5 Qd7 30. Rc7 Qd5 31. Rd1 Ba8 32. Ra7 Rc8 33. Nc7 Rxc7
34. Rxc7 Bc6 35. Qxb6 1-0

[Event "Hessen-ch B"]
[Site "Frankfurt/Main"]
[Date "2019.06.02"]
[Round "7"]
[White "Goodwin, David"]
[Black "Tiggemann, Felix"]
[Result "1/2-1/2"]
[WhiteElo "1546"]
[BlackElo "1574"]
[PlyCount "27"]
[EventDate "2019.05.30"]
[EventType "swiss"]
[EventRounds "7"]
[EventCountry "GER"]

1. Nf3 e6 2. g3 d5 3. Bg2 Nf6 4. d3 Bd6 5. Nbd2 Bd7 6. a3 Nc6 7. c4 Ne5 8. b4
dxc4 9. Nxc4 Nxc4 10. dxc4 Bc6 11. O-O a6 12. c5 Be7 13. Bb2 O-O 14. Ne5
1/2-1/2

[Event "Hessen-ch B"]
[Site "Frankfurt/Main"]
[Date "2019.06.02"]
[Round "7"]
[White "Haftmann, Rainer"]
[Black "Ullmann, Ralf"]
[Result "1/2-1/2"]
[WhiteElo "1727"]
[BlackElo "1856"]
[PlyCount "40"]
[EventDate "2019.05.30"]
[EventType "swiss"]
[EventRounds "7"]
[EventCountry "GER"]

1. e4 c5 2. Nf3 e6 3. d4 cxd4 4. Nxd4 Nc6 5. Nc3 a6 6. a3 Qc7 7. Be3 Nf6 8. Be2
Be7 9. O-O d6 10. Qd2 Nxd4 11. Bxd4 Bd7 12. f4 Bc6 13. Bf3 O-O 14. Rad1 e5 15.
fxe5 dxe5 16. Be3 Rac8 17. Qf2 b5 18. Rd2 Qb7 19. Qg3 Bxe4 20. Qxe5 Bxf3
1/2-1/2

[Event "Hessen-ch B"]
[Site "Frankfurt/Main"]
[Date "2019.06.02"]
[Round "7"]
[White "Hoerhold, Karola"]
[Black "Mongi, Mario"]
[Result "1-0"]
[WhiteElo "1727"]
[BlackElo "1547"]
[PlyCount "27"]
[EventDate "2019.05.30"]
[EventType "swiss"]
[EventRounds "7"]
[EventCountry "GER"]

1. e4 c5 2. Nc3 Nc6 3. Bb5 g6 4. Bxc6 bxc6 5. f4 Bg7 6. Nf3 d6 7. O-O Bg4 8. d3
e6 9. Qe1 Bxf3 10. Rxf3 Ne7 11. f5 gxf5 12. exf5 Bd4+ 13. Kh1 Nxf5 14. Rxf5 1-0

[Event "Hessen-ch B"]
[Site "Frankfurt/Main"]
[Date "2019.06.02"]
[Round "7"]
[White "Horatschek, Martin jr."]
[Black "Feicht, Arno"]
[Result "1-0"]
[WhiteElo "1689"]
[BlackElo "1881"]
[PlyCount "79"]
[EventDate "2019.05.30"]
[EventType "swiss"]
[EventRounds "7"]
[EventCountry "GER"]

{[%evp 0,79,26,34,86,77,61,62,56,36,71,15,13,-36,-29,-49,-31,-56,-47,-51,-3,
-11,-1,-1,-22,-48,-31,-24,-28,38,42,48,48,48,65,-18,-12,-28,24,27,27,44,44,-21,
-11,-85,-57,-84,9,-78,-44,-104,-78,-97,-97,-128,-106,-44,-77,-64,-92,-92,-91,
-37,-15,-15,0,-57,-44,-46,-75,-102,-61,-115,0,0,0,0,49,1,65,29]} 1. e4 c5 2.
Nf3 Nc6 3. d4 cxd4 4. Nxd4 e5 5. Nb5 d6 6. c4 Be7 7. N1c3 a6 8. Na3 Nf6 9. f3
O-O 10. Be3 Be6 11. Nd5 Nd7 12. Nc2 f5 13. exf5 Bxf5 14. Bd3 Bh4+ 15. g3 Bxd3
16. Qxd3 Bg5 17. h4 Bxe3 18. Qxe3 Nd4 19. Nxd4 exd4 20. Qe6+ Kh8 21. O-O Ne5
22. Nf4 Qb6 23. b3 Rf6 24. Qh3 d3+ 25. Kh2 Qd4 26. Qg2 Raf8 27. Rae1 Rxf4 28.
gxf4 Rxf4 29. Re4 Rxh4+ 30. Rxh4 Qxh4+ 31. Qh3 Qf4+ 32. Kg2 h6 33. Qg3 Qf5 34.
Rd1 Kh7 35. Kf2 h5 36. f4 Ng4+ 37. Kf1 g6 38. Rxd3 Qe4 39. Kg1 Kh6 40. a3 $138
1-0

[Event "Hessen-ch B"]
[Site "Frankfurt/Main"]
[Date "2019.06.02"]
[Round "7"]
[White "John, Volkmar"]
[Black "Graef, Jakob Vincent"]
[Result "1-0"]
[WhiteElo "1654"]
[BlackElo "1574"]
[PlyCount "97"]
[EventDate "2019.05.30"]
[EventType "swiss"]
[EventRounds "7"]
[EventCountry "GER"]

1. d4 c6 2. c4 d5 3. Nf3 Nf6 4. Nc3 e6 5. Bg5 Nbd7 6. e3 Bb4 7. cxd5 exd5 8.
Bd3 h6 9. Bh4 Qa5 10. Qc2 O-O 11. O-O Bxc3 12. bxc3 c5 13. Rab1 c4 14. Bf5 b5
15. Rb4 a6 16. Rfb1 Qa3 17. Qb2 Qxb2 18. R4xb2 g5 19. Bg3 Nb6 20. Bc2 Bd7 21.
Bc7 Na4 22. Bxa4 bxa4 23. Ne5 Bb5 24. f3 h5 25. Bd6 Rfe8 26. Bc5 Nh7 27. g4 Kg7
28. gxh5 Nf6 29. Rg2 Nh7 30. Kf2 Re6 31. h4 f6 32. Ng6 Rae8 33. Re1 Kh6 34.
hxg5+ Nxg5 35. Nf4 Rc6 36. Nxd5 Nh3+ 37. Kg3 Ng5 38. e4 Rce6 39. Nf4 Rc6 40.
Kf2 a5 41. Ba3 Rc7 42. Bc1 Bd7 43. Nd5 Rc6 44. Reg1 Kxh5 45. Bxg5 fxg5 46.
Rxg5+ Kh6 47. f4 Kh7 48. Rh1+ Rh6 49. Nf6+ 1-0

[Event "Hessen-ch B"]
[Site "Frankfurt/Main"]
[Date "2019.06.02"]
[Round "7"]
[White "Krist, Stephan"]
[Black "Buchholz, Maja"]
[Result "0-1"]
[WhiteElo "1618"]
[BlackElo "1657"]
[PlyCount "50"]
[EventDate "2019.05.30"]
[EventType "swiss"]
[EventRounds "7"]
[EventCountry "GER"]

1. e4 e6 2. d4 d5 3. Nc3 Nf6 4. Bg5 Be7 5. exd5 exd5 6. Bd3 O-O 7. Nge2 Nc6 8.
O-O a6 9. a3 Be6 10. Qd2 Re8 11. Nd1 Qd7 12. Ne3 Rad8 13. Bxf6 Bxf6 14. c3 Qd6
15. Ng3 g6 16. f4 Bd7 17. Rae1 Bg7 18. f5 Bh6 19. Qf2 Bg7 20. fxg6 fxg6 21.
Qf7+ Kh8 22. Qxd5 Nxd4 23. Qxb7 Nb5 24. Bxb5 Bxb5 25. Rf7 Qd2 0-1

[Event "Hessen-ch B"]
[Site "Frankfurt/Main"]
[Date "2019.06.02"]
[Round "7"]
[White "Lange, Martin"]
[Black "Eckert, Hanno"]
[Result "1-0"]
[WhiteElo "1763"]
[BlackElo "1487"]
[PlyCount "75"]
[EventDate "2019.05.30"]
[EventType "swiss"]
[EventRounds "7"]
[EventCountry "GER"]

1. e4 c6 2. d4 d5 3. Nc3 dxe4 4. Nxe4 Bf5 5. Ng3 Bg6 6. Nf3 Nd7 7. h4 h6 8. h5
Bh7 9. Bd3 Bxd3 10. Qxd3 Ngf6 11. Bf4 e6 12. O-O-O Nd5 13. Bd2 Bd6 14. Ne2 Qc7
15. g3 b5 16. Kb1 a5 17. Nc3 Nxc3+ 18. Qxc3 b4 19. Qc4 Nb6 20. Qe2 Nd5 21. Ne5
a4 22. Nc4 Be7 23. Qe5 Qxe5 24. Nxe5 Ra6 25. g4 Bf6 26. f4 Ke7 27. g5 Bxe5 28.
fxe5 b3 29. cxb3 axb3 30. a3 Ra4 31. gxh6 gxh6 32. Bc1 f5 33. Rd3 f4 34. Rxb3
Rxd4 35. Rb7+ Kf8 36. Rb8+ Kg7 37. Rg1+ Kh7 38. Rb7+ 1-0

[Event "Hessen-ch B"]
[Site "Frankfurt/Main"]
[Date "2019.06.02"]
[Round "7"]
[White "Meyer, Marcel"]
[Black "Saluvar, Buelent"]
[Result "1-0"]
[WhiteElo "1820"]
[BlackElo "1692"]
[PlyCount "59"]
[EventDate "2019.05.30"]
[EventType "swiss"]
[EventRounds "7"]
[EventCountry "GER"]

1. d4 Nf6 2. c4 e6 3. Nc3 Bb4 4. Qc2 d5 5. Bg5 h6 6. Bh4 g5 7. Bg3 Ne4 8. e3 h5
9. h4 Bxc3+ 10. bxc3 Nxg3 11. fxg3 g4 12. cxd5 Qxd5 13. Ne2 f5 14. Nf4 Qe4 15.
Qxe4 fxe4 16. Bc4 Rh6 17. O-O-O c6 18. Rhf1 b5 19. Bb3 a5 20. Bc2 Ba6 21. Bxe4
b4 22. Rf2 Rf6 23. Bg6+ Ke7 24. Bxh5 Kd6 25. Bxg4 Bc4 26. e4 e5 27. dxe5+ Kxe5
28. Nd3+ Bxd3 29. Rxf6 Bxe4 30. Re6# 1-0

[Event "Hessen-ch B"]
[Site "Frankfurt/Main"]
[Date "2019.06.02"]
[Round "7"]
[White "Osterloh, Felix"]
[Black "Sakhra, Roman"]
[Result "1/2-1/2"]
[WhiteElo "1833"]
[BlackElo "1516"]
[PlyCount "138"]
[EventDate "2019.05.30"]
[EventType "swiss"]
[EventRounds "7"]
[EventCountry "GER"]

1. Nf3 d5 2. d4 Nf6 3. Bf4 e6 4. e3 c5 5. Nbd2 Nc6 6. c3 Bd6 7. Bg3 O-O 8. Bd3
b6 9. O-O Bxg3 10. hxg3 Qc7 11. dxc5 bxc5 12. e4 Qb6 13. e5 Nd7 14. Ng5 g6 15.
Qg4 Ncxe5 16. Qh4 Nf6 17. Ngf3 Nxd3 18. Qxf6 Qd8 19. Qxd8 Rxd8 20. b3 a5 21.
Rfd1 Ba6 22. c4 dxc4 23. Nxc4 Bxc4 24. bxc4 Nb2 25. Rdb1 Nxc4 26. Rc1 Nd2 27.
Rxc5 Nxf3+ 28. gxf3 Rd2 29. a4 Rb8 30. Rxa5 Rbb2 31. Rf1 Kg7 32. Ra8 Ra2 33. a5
Ra3 34. a6 Rda2 35. a7 Rxf3 36. Kg2 Rfa3 37. Rb1 Rxa7 38. Rxa7 Rxa7 39. Rb6 h5
40. Rb2 Kf6 41. Rb6 Kg5 42. Kh3 Ra5 43. Rb7 f5 44. Rb4 Kf6 45. Rb8 e5 46. Rb6+
Kg5 47. f4+ exf4 48. gxf4+ Kh6 49. Rb4 Ra1 50. Kg2 h4 51. Rb8 Kh5 52. Rg8 Ra2+
53. Kh3 Ra3+ 54. Kg2 Rg3+ 55. Kf2 Kg4 56. Rxg6+ Kxf4 57. Ra6 Rb3 58. Ra4+ Kg5
59. Ra8 h3 60. Rh8 Kg4 61. Ra8 Rb1 62. Rg8+ Kf4 63. Rh8 Rb2+ 64. Kg1 h2+ 65.
Kh1 Kf3 66. Rh3+ Kg4 67. Rg3+ Kf4 68. Rf3+ Ke4 69. Rf4+ Kxf4 1/2-1/2

[Event "Hessen-ch B"]
[Site "Frankfurt/Main"]
[Date "2019.06.02"]
[Round "7"]
[White "Robinson, Jack"]
[Black "Catalano, Enzo"]
[Result "0-1"]
[WhiteElo "1749"]
[BlackElo "1596"]
[PlyCount "120"]
[EventDate "2019.05.30"]
[EventType "swiss"]
[EventRounds "7"]
[EventCountry "GER"]

1. d4 Nf6 2. c4 e5 3. dxe5 Ng4 4. Nf3 Bc5 5. e3 Nc6 6. a3 a5 7. Nc3 O-O 8. Be2
Ngxe5 9. Nxe5 Nxe5 10. O-O d6 11. f4 Nc6 12. Rf3 Bg4 13. Rg3 Bxe2 14. Qxe2 f6
15. Bd2 Qd7 16. Nd5 Ne7 17. Bc3 Nxd5 18. cxd5 b5 19. Rd1 b4 20. Bd4 Bxd4 21.
Rxd4 bxa3 22. bxa3 Rab8 23. Qc2 Qb5 24. Rf3 Rb7 25. e4 Rfb8 26. h3 Qb1+ 27.
Qxb1 Rxb1+ 28. Kh2 R8b3 29. Ra4 Rxf3 30. gxf3 Rb5 31. Kg3 Kf7 32. h4 Rc5 33.
Kf2 Ke7 34. Ke3 Rc3+ 35. Ke2 Rc2+ 36. Kd3 Rh2 37. Rxa5 Rxh4 38. Ke3 g5 39. fxg5
fxg5 40. Ra8 h5 41. Rc8 Rh3 42. Kf2 g4 43. Rxc7+ Kf6 44. Rc3 h4 45. Kg2 Ke5 46.
a4 Rg3+ 47. Kf2 Kf4 48. e5 Kxe5 49. Rd3 Rxf3+ 50. Rxf3 gxf3 51. Kxf3 Kxd5 52.
Kg4 Kc5 53. Kxh4 Kb4 54. Kg4 Kxa4 55. Kf4 Kb4 56. Ke3 Kc4 57. Ke2 Kd4 58. Kd2
d5 59. Ke2 Kc3 60. Kd1 Kd3 0-1

[Event "Hessen-ch B"]
[Site "Frankfurt/Main"]
[Date "2019.06.02"]
[Round "7"]
[White "Schellen, Sven"]
[Black "Weber, Andreas"]
[Result "1-0"]
[WhiteElo "1853"]
[BlackElo "1694"]
[PlyCount "65"]
[EventDate "2019.05.30"]
[EventType "swiss"]
[EventRounds "7"]
[EventCountry "GER"]

1. d4 Nf6 2. c4 g6 3. Nc3 Bg7 4. Nf3 O-O 5. Bf4 d6 6. e3 Nbd7 7. Be2 Re8 8. O-O
e5 9. dxe5 dxe5 10. Nxe5 Qe7 11. Nxd7 Bxd7 12. Bxc7 Qc5 13. Qd6 Qg5 14. Qg3 Qf5
15. Qf4 Qc5 16. Bf3 Re6 17. Nd5 Rae8 18. b4 Qf8 19. Rad1 Ba4 20. Rd3 Bc2 21.
Rd2 g5 22. Nxf6+ Rxf6 23. Qg3 Qxb4 24. Rxc2 Qc5 25. Rd1 h5 26. Bd8 Rfe6 27. Qc7
Rxe3 28. Rcc1 Qf5 29. fxe3 Be5 30. Qd7 Bxh2+ 31. Kxh2 Qe5+ 32. Kh1 g4 33. Bxg4
1-0

[Event "Hessen-ch B"]
[Site "Frankfurt/Main"]
[Date "2019.06.02"]
[Round "7"]
[White "Siegismund, Florian"]
[Black "Burkart, Lloyd Shang"]
[Result "1-0"]
[WhiteElo "1777"]
[BlackElo "1411"]
[PlyCount "85"]
[EventDate "2019.05.30"]
[EventType "swiss"]
[EventRounds "7"]
[EventCountry "GER"]

1. d4 Nf6 2. c4 e6 3. Nc3 Bb4 4. a3 Bxc3+ 5. bxc3 Nc6 6. e3 b6 7. Bd3 Na5 8.
Nf3 Ba6 9. Qe2 Nb3 10. Rb1 Nxc1 11. Rxc1 d6 12. O-O O-O 13. Nd2 Bb7 14. e4 e5
15. f4 Re8 16. f5 Kf8 17. g4 h6 18. h4 Nh7 19. Nf3 f6 20. Qe3 Kf7 21. Rc2 c5
22. Rg2 Rg8 23. g5 hxg5 24. hxg5 Nf8 25. Kf2 Rh8 26. Rfg1 Rg8 27. gxf6 Qxf6 28.
d5 Nh7 29. Rg6 Qe7 30. Re6 Qd8 31. Rgg6 Nf6 32. Ng5+ Kf8 33. Rexf6+ Qxf6 34.
Nh7+ Ke7 35. Nxf6 gxf6 36. Qg3 Kf7 37. Be2 Rh8 38. Rg7+ Ke8 39. Qg6+ Kd8 40.
Qxf6+ Kc8 41. Qe6+ Kb8 42. Qxd6+ Kc8 43. Qc7# 1-0

[Event "Hessen-ch B"]
[Site "Frankfurt/Main"]
[Date "2019.06.02"]
[Round "7"]
[White "Warter, Simon"]
[Black "Bjoerknes, Uwe"]
[Result "0-1"]
[WhiteElo "1439"]
[BlackElo "1796"]
[PlyCount "74"]
[EventDate "2019.05.30"]
[EventType "swiss"]
[EventRounds "7"]
[EventCountry "GER"]

1. e4 e6 2. d4 d5 3. exd5 exd5 4. Bf4 Bd6 5. Bxd6 Qxd6 6. c3 Nf6 7. Bd3 O-O 8.
Ne2 Ne4 9. O-O f5 10. f4 Nd7 11. Nd2 Ndf6 12. h3 Nxd2 13. Qxd2 Ne4 14. Bxe4
fxe4 15. Qe3 Bd7 16. b4 Bb5 17. Rf2 Bxe2 18. Qxe2 Rxf4 19. Raf1 Rxf2 20. Rxf2
c6 21. Rf1 h6 22. Qe3 a5 23. a3 axb4 24. axb4 Rf8 25. Ra1 Qf4 26. Qxf4 Rxf4 27.
Re1 Kf7 28. Re3 Ke6 29. g3 Rf7 30. Kg2 Kd6 31. h4 h5 32. Kg1 Ke6 33. Kg2 Rf6
34. Kg1 Kf5 35. Kh2 Kg4 36. Kg2 Rf7 37. Kg1 Rf3 0-1

[Event "Hessen-ch B"]
[Site "Frankfurt/Main"]
[Date "2019.06.02"]
[Round "7"]
[White "Weiland, Thomas"]
[Black "Ruhl, Marcel"]
[Result "1-0"]
[WhiteElo "1817"]
[BlackElo "1651"]
[PlyCount "83"]
[EventDate "2019.05.30"]
[EventType "swiss"]
[EventRounds "7"]
[EventCountry "GER"]

1. c4 e5 2. g3 Nf6 3. Nc3 d6 4. Bg2 Nbd7 5. d3 g6 6. Nf3 Bg7 7. O-O O-O 8. Rb1
Re8 9. e4 Nf8 10. Bd2 Bg4 11. h3 Be6 12. Kh2 Qc8 13. Ng1 Rb8 14. a3 Bd7 15. Be3
a6 16. b4 Ne6 17. a4 c5 18. b5 Nd4 19. f4 exf4 20. Bxf4 Re6 21. Nd5 Nxd5 22.
cxd5 Rf6 23. Nf3 Nxf3+ 24. Rxf3 axb5 25. axb5 Ra8 26. Qe2 Ra5 27. e5 dxe5 28.
Bd2 Rxb5 29. Rbf1 Rxf3 30. Qxf3 Be8 31. Bg5 f5 32. Qe3 Qd7 33. Ra1 Kf7 34. Ra8
Bf6 35. Bxf6 Kxf6 36. Qh6 Rb2 37. Qf8+ Bf7 38. Rd8 Qc7 39. h4 f4 40. g4 g5 41.
Rd6+ Qxd6 42. Qxd6+ 1-0

[Event "Hessen-ch B"]
[Site "Frankfurt/Main"]
[Date "2019.06.02"]
[Round "7"]
[White "Zalewski, Ulrich"]
[Black "Horny, Guenter"]
[Result "1/2-1/2"]
[WhiteElo "1793"]
[BlackElo "1816"]
[PlyCount "32"]
[EventDate "2019.05.30"]
[EventType "swiss"]
[EventRounds "7"]
[EventCountry "GER"]

1. e4 c5 2. Nc3 Nc6 3. f4 g6 4. Nf3 Bg7 5. Bc4 d6 6. O-O e6 7. d3 Nge7 8. Ne2
O-O 9. c3 d5 10. Bb3 f5 11. e5 b5 12. d4 c4 13. Bc2 a5 14. a3 Bd7 15. Bd2 Qb6
16. Qe1 Rab8 1/2-1/2

[Event "Hessen-ch B"]
[Site "Frankfurt/Main"]
[Date "2019.06.02"]
[Round "7"]
[White "von Beckh, Frieda"]
[Black "Will, Steffen"]
[Result "0-1"]
[WhiteElo "1465"]
[BlackElo "1711"]
[PlyCount "68"]
[EventDate "2019.05.30"]
[EventType "swiss"]
[EventRounds "7"]
[EventCountry "GER"]

1. e4 c5 2. d4 cxd4 3. c3 dxc3 4. Nxc3 d6 5. Nf3 g6 6. Bc4 Bg7 7. O-O Nc6 8.
Qe2 Nf6 9. Rd1 Nd7 10. Be3 O-O 11. Rac1 Nde5 12. Nxe5 Nxe5 13. Bb3 Be6 14. Bxe6
fxe6 15. f4 Nf7 16. Qg4 Qd7 17. e5 Nh6 18. Qh3 Nf5 19. Bc5 b6 20. Ba3 d5 21. g4
Nh6 22. Qg3 Rac8 23. Rc2 Rc4 24. Rf2 a6 25. b3 Rcc8 26. Rfd2 b5 27. Kh1 a5 28.
b4 a4 29. Ne4 Rc4 30. Nc5 Qc6 31. Rd4 Nf7 32. Qh4 g5 33. Qg3 gxf4 34. Qxf4 Bxe5
0-1

[Event "Hessen-ch C"]
[Site "Frankfurt/Main"]
[Date "2019.05.30"]
[Round "1"]
[White "Elpelt, Silvia"]
[Black "Kosak, Karolina"]
[Result "1-0"]
[WhiteElo "1413"]
[BlackElo "1139"]
[PlyCount "111"]
[EventDate "2019.05.30"]
[EventType "swiss"]
[EventRounds "7"]
[EventCountry "GER"]

{[%evp 0,90,23,23,23,23,28,28,24,10,71,33,78,102,102,15,38,26,48,8,2,-31,9,-9,
29,13,46,44,36,49,24,29,49,29,42,32,51,2,18,11,18,32,17,-3,47,18,47,56,69,30,
88,88,92,95,95,79,97,106,117,71,109,92,121,57,106,49,49,71,76,88,156,156,157,
170,252,170,252,252,260,272,272,225,297,267,325,242,294,289,358,344,442,453,
478]} 1. e4 e5 2. Nf3 Nc6 3. Nc3 Nf6 4. Bb5 Be7 5. O-O a6 6. Bxc6 dxc6 7. h3
Bd6 8. d3 h6 9. Nh2 O-O 10. f4 c5 11. f5 c6 12. Ng4 Nxg4 13. Qxg4 Qf6 14. Ne2
Be7 15. Qg3 Bd7 16. Bd2 b5 17. a3 a5 18. c3 b4 19. a4 bxc3 20. Bxc3 Bd6 21. Qg4
g6 22. Ng3 Qg5 23. Qxg5 hxg5 24. Bd2 f6 25. fxg6 Kg7 26. Nf5+ Bxf5 27. exf5
Rfe8 28. Rfe1 Re7 29. Re2 Bc7 30. Rc1 Bb6 31. Kh2 Rae8 32. Rc4 Rd7 33. Be3 Rxd3
34. Bxc5 Bxc5 35. Rxc5 Rd4 36. Rxa5 e4 37. Kg3 Rd5 38. Ra7+ Kg8 39. Kg4 e3 40.
Rf7 Rf8 41. Rc7 Rd2 42. Rxe3 Rxb2 43. Ree7 Rb4+ 44. Kg3 Rh4 45. a5 Rd8 46. Rxc6
Rd3+ 47. Kh2 Rd8 48. Rcc7 Rb8 49. a6 Ra8 50. a7 Rd8 51. Rb7 Kf8 52. Rf7+ Kg8
53. Rb8 Rxh3+ 54. Kxh3 g4+ 55. Kxg4 Rxb8 56. axb8=Q# 1-0

[Event "Hessen-ch C"]
[Site "Frankfurt/Main"]
[Date "2019.05.30"]
[Round "1"]
[White "Hofmann, Maximilian"]
[Black "Peschk, Kathrin"]
[Result "1/2-1/2"]
[WhiteElo "1103"]
[BlackElo "1399"]
[PlyCount "80"]
[EventDate "2019.05.30"]
[EventType "swiss"]
[EventRounds "7"]
[EventCountry "GER"]

{[%evp 0,80,30,30,27,-22,-23,-23,-29,-29,26,-30,-3,-34,-1,-64,15,7,41,7,21,-49,
-32,-75,-40,-54,-27,-124,21,-39,26,-28,11,-15,40,39,48,24,344,321,359,319,366,
308,331,302,261,277,305,305,428,383,383,409,409,277,264,311,382,171,160,0,0,0,
0,0,0,-69,-74,-173,-91,-91,-64,-74,-50,-66,-74,-74,-58,-87,-89,-100,-100]} 1.
d4 d5 2. e4 dxe4 3. Nc3 Nf6 4. f3 Bf5 5. fxe4 Bxe4 6. Nxe4 Nxe4 7. Qd3 Nf6 8.
Nf3 e6 9. Bf4 Nc6 10. Be2 Be7 11. h4 Qd7 12. O-O-O O-O-O 13. Ng5 Bb4 14. c3 Ba5
15. Rhe1 h6 16. Ne4 Nxe4 17. Qxe4 Ne7 18. Qe5 f6 19. Qxa5 a6 20. Bc4 Nc6 21.
Qa4 Rhe8 22. d5 exd5 23. Rxe8 Qxe8 24. Bxd5 Qh5 25. Be6+ Kb8 26. Rxd8+ Nxd8 27.
Qd7 Nxe6 28. Qxe6 Qxh4 29. Qg8+ Ka7 30. Bxc7 Qe1+ 31. Kc2 Qe2+ 32. Kb3 Qb5+ 33.
Ka3 Qc5+ 34. b4 Qxc7 35. Kb3 Qe7 36. Qd5 Kb8 37. Qg8+ Kc7 38. Qc4+ Kd8 39. Qd5+
Qd7 40. Qg8+ Kc7 1/2-1/2

[Event "Hessen-ch C"]
[Site "Frankfurt/Main"]
[Date "2019.05.30"]
[Round "1"]
[White "Klein, Simon"]
[Black "Drebes, Eric"]
[Result "0-1"]
[WhiteElo "1369"]
[BlackElo "1086"]
[PlyCount "66"]
[EventDate "2019.05.30"]
[EventType "swiss"]
[EventRounds "7"]
[EventCountry "GER"]

{[%evp 0,66,19,5,8,5,17,29,60,-52,-23,-23,-33,-13,14,48,-2,15,114,129,129,98,
91,99,158,158,180,165,165,165,144,131,157,124,152,144,144,153,186,170,168,168,
168,157,172,160,165,172,118,86,177,157,171,154,215,211,263,226,234,228,228,196,
182,172,202,-29997,-29998,-29999,-30000]} 1. d4 d5 2. Bf4 Nf6 3. e3 Bf5 4. c4
e6 5. Qb3 b6 6. Nf3 Be7 7. Nc3 O-O 8. Nh4 c6 9. Nxf5 exf5 10. cxd5 cxd5 11. Bg5
Ne4 12. Bxe7 Qxe7 13. Nxd5 Qd6 14. f3 Nf6 15. Nxf6+ Qxf6 16. Rc1 Nc6 17. Bb5
Rac8 18. O-O Rc7 19. Qa4 Rfc8 20. Rxc6 Rxc6 21. Bxc6 Rxc6 22. Qxa7 g6 23. Qa4
Qe6 24. Kf2 Qc8 25. Re1 Rc2+ 26. Re2 Rxe2+ 27. Kxe2 b5 28. Qb3 Qa6 29. Kf2 Qa5
30. d5 Qd2+ 31. Kg3 g5 32. f4 Qe1+ 33. Kf3 g4# 0-1

[Event "Hessen-ch C"]
[Site "Frankfurt/Main"]
[Date "2019.05.30"]
[Round "1"]
[White "Mees, Andreas"]
[Black "Bernath, Markus"]
[Result "1-0"]
[WhiteElo "1193"]
[BlackElo "1561"]
[PlyCount "65"]
[EventDate "2019.05.30"]
[EventType "swiss"]
[EventRounds "7"]
[EventCountry "GER"]

{[%evp 0,65,37,23,18,31,42,32,26,-57,40,43,28,22,36,37,54,52,65,45,88,57,62,
-11,-7,-21,-21,-24,2,2,12,-50,98,98,88,59,59,39,47,26,86,86,95,44,82,80,112,77,
105,55,43,50,73,64,55,-1,14,10,30,1,294,276,275,285,298,298,844,872]} 1. e4 e5
2. Nf3 Nc6 3. Bc4 Nf6 4. d3 d6 5. Nc3 Be7 6. Bd2 Be6 7. Nd5 Bxd5 8. exd5 Nb8 9.
O-O c6 10. dxc6 Nxc6 11. Ng5 O-O 12. c3 d5 13. Bb3 Nd7 14. Nf3 Nc5 15. Bc2 Nxd3
16. Bxd3 e4 17. Bb5 exf3 18. Qxf3 Ne5 19. Qe2 Nc4 20. Bxc4 dxc4 21. Rad1 Qc7
22. Bf4 Qc5 23. Rd4 b5 24. Rd7 Rfe8 25. Be3 Qe5 26. Qf3 a6 27. Bd4 Qe6 28. Rd5
Bd6 29. Rg5 Bxh2+ 30. Kxh2 Qh6+ 31. Rh5 Qd6+ 32. Kg1 Re6 33. Qxa8+ 1-0

[Event "Hessen-ch C"]
[Site "Frankfurt/Main"]
[Date "2019.05.30"]
[Round "1"]
[White "Schmitt, Leon Raphael"]
[Black "Wiencken, Marcus"]
[Result "1-0"]
[WhiteElo "1044"]
[BlackElo "1296"]
[PlyCount "71"]
[EventDate "2019.05.30"]
[EventType "swiss"]
[EventRounds "7"]
[EventCountry "GER"]

{[%evp 0,71,19,45,26,18,38,-2,35,35,-4,-4,9,21,13,-36,-1,-39,7,-39,18,6,42,8,7,
-41,17,-106,-124,-124,-23,-122,-189,-189,-231,-618,-471,-646,-349,-350,-316,
-423,-425,-469,-496,-631,-498,-520,-541,-541,-428,-428,-361,-434,-451,-411,
-441,-441,110,-85,241,241,648,644,981,981,1382,1479,1516,1636,1931,1575,1617,
1886]} 1. e4 e5 2. Nf3 Nc6 3. Nc3 Nf6 4. d4 exd4 5. Nxd4 Bb4 6. Nxc6 bxc6 7.
Qf3 d6 8. h3 O-O 9. Bd2 Bb7 10. a3 Ba5 11. b4 Bb6 12. Be3 c5 13. bxc5 Ba5 14.
Bd2 Nxe4 15. Nxe4 Bxe4 16. Qe3 Re8 17. Be2 Bxg2 18. Qg3 Bxh1 19. Bxa5 Qe7 20.
Qg4 Qe5 21. Rd1 Qxc5 22. Bd2 Re4 23. Qg3 Rae8 24. Be3 Qc3+ 25. Kf1 R8e6 26. Kg1
Rg6 27. Bg4 h5 28. Rb1 f5 29. Rb8+ Kf7 30. Bxh5 Qf6 31. Bxg6+ Ke7 32. Bg5 f4
33. Bxf6+ Kxf6 34. Rf8+ Ke7 35. Rf7+ Ke8 36. Rxf4+ 1-0